000 00378nam a22001577a 4500
005 20200528111625.0
008 200528b xxu||||| |||| 00| 0 eng d
041 _aeng
082 _a340
100 _aBARE ACT
_95744
245 _aTHE CIVIL DEFENCE ACT,1968 (27-1968)
260 _aDELHI
_bPROFESSIONALS BOOK PUBLISHERS
300 _a24;p
650 _aLAW
_95701
942 _cBK
999 _c6572
_d6570